Music Quiz

Random Music Quiz

Paramore songs Quiz Stats

 Plays Quiz not verified by Sporcle

Challenge
Share
Tweet
Embed
Score 0/53 Timer 15:00
0 Plays Today
Album Song % Correct
Riot!Misery Business
94.7%
ParamoreAin't It Fun
93.1%
Brand New EyesPlaying God
90.8%
ParamoreStill Into You
90.8%
All We Know is FallingAll We Know
90.1%
Brand New EyesIgnorance
90.1%
Brand New EyesThe Only Exception
90.1%
Riot!Crushcrushcrush
87.8%
Brand New EyesBrick by Boring Brick
87.8%
All We Know is FallingEmergency
87%
ParamoreNow
86.3%
All We Know is FallingPressure
85.5%
All We Know is FallingFranklin
84%
Riot!That's What You Get
84%
Brand New EyesCareful
84%
Riot!Let the Flames Begin
82.4%
All We Know is FallingMy Heart
80.2%
Brand New EyesMisguided Ghosts
80.2%
Singles ClubMonster
80.2%
Riot!For a Pessimist, I'm Pretty Optimistic
79.4%
Riot!Fences
79.4%
Brand New EyesAll I Wanted
79.4%
ParamoreFast in My Car
79.4%
Riot!When it Rains
78.6%
ParamorePart II
77.1%
ParamoreFuture
77.1%
Riot!Born for This
75.6%
Album Song % Correct
Brand New EyesLooking Up
75.6%
ParamoreInterlude: Holiday
75.6%
Brand New EyesWhere the Lines Overlap
74.8%
ParamoreInterlude: I'm Not Angry Anymore
74.8%
ParamoreInterlude: Moving On
74%
ParamoreLast Hope
74%
Singles ClubIn the Mourning
73.3%
All We Know is FallingConspiracy
72.5%
Riot!Hallelujah
72.5%
ParamoreDaydreaming
72.5%
ParamoreHate to See Your Heart Break
72.5%
Paramore(One of Those) Crazy Girls
72.5%
Brand New EyesTurn It Off
71.8%
Brand New EyesFeeling Sorry
71.8%
ParamoreAnklebiters
71.8%
Riot!We are Broken
71%
ParamoreGrow Up
71%
All We Know is FallingWhoa
69.5%
Riot!Miracle
69.5%
Singles ClubRenegade
69.5%
All We Know is FallingBrighter
67.9%
ParamoreProof
67.2%
Singles ClubHello Cold World
64.9%
All We Know is FallingHere We Go Again
61.8%
All We Know is FallingNever Let This Go
61.1%
ParamoreBe Alone
58.8%

You're not logged in!

Compare scores with friends on all Sporcle quizzes.
Join for Free
OR
Log In

You Might Also Like...

Show Comments

Extras

Top Quizzes Today


Score Distribution

Your Account Isn't Verified!

In order to create a playlist on Sporcle, you need to verify the email address you used during registration. Go to your Sporcle Settings to finish the process.

Report this User

Report this user for behavior that violates our Community Guidelines.

Details: